Comunas "Santas" de Chile - Estadísticas

Estadísticas generales
  • Esta prueba ha sido intentada 51 veces
  • La puntuación promedio es 19 de 30
Estadísticas de respuestas
Región Comuna % Correcto
Metropolitana San Bernardo
83%
Metropolitana San Pedro
83%
Antofagasta San Pedro de Atacama
83%
Biobío San Pedro de la Paz
83%
Metropolitana San José de Maipo
78%
Valparaíso San Antonio
73%
Metropolitana San Miguel
73%
Ñuble San Carlos
71%
Metropolitana San Ramón
71%
Los Lagos San Juan de la Costa
68%
O'Higgins Santa Cruz
68%
Valparaíso Santa María
68%
Valparaíso Santo Domingo
68%
Valparaíso San Felipe
66%
O'Higgins San Fernando
66%
Maule San Javier
66%
Metropolitana San Joaquín
66%
Ñuble San Nicolás
66%
Los Lagos San Pablo
66%
Valparaíso San Esteban
63%
Metropolitana Santiago
63%
O'Higgins San Vicente de Tagua Tagua
59%
Maule San Rafael
54%
Maule San Clemente
51%
Magallanes San Gregorio
51%
Biobío Santa Bárbara
51%
Biobío Santa Juana
51%
Ñuble San Ignacio
49%
Biobío San Rosendo
46%
Ñuble San Fabián
44%
No se encontraron pruebas coincidentes
Distribución de puntuación
Porcentaje de gente con cada puntuación
Porcentaje por número respondido
Historial de tus puntuaciones
No has intentado esta prueba.